<?xml version="1.0" encoding="UTF-8"?>
<record
    xmlns:xsi="http://www.w3.org/2001/XMLSchema-instance"
    xsi:schemaLocation="http://www.loc.gov/MARC21/slim http://www.loc.gov/standards/marcxml/schema/MARC21slim.xsd"
    xmlns="http://www.loc.gov/MARC21/slim">

  <leader>00473nam a2200169Ia 4500</leader>
  <controlfield tag="008">230718s9999    xx            000 0 und d</controlfield>
  <datafield tag="020" ind1=" " ind2=" ">
    <subfield code="a">9780070140004</subfield>
  </datafield>
  <datafield tag="041" ind1=" " ind2=" ">
    <subfield code="a">eng</subfield>
  </datafield>
  <datafield tag="082" ind1=" " ind2=" ">
    <subfield code="a">620.0044</subfield>
    <subfield code="b">BEW</subfield>
  </datafield>
  <datafield tag="100" ind1=" " ind2=" ">
    <subfield code="a">Bewoor A.K.</subfield>
    <subfield code="9">195776</subfield>
  </datafield>
  <datafield tag="245" ind1=" " ind2=" ">
    <subfield code="a">Metrology And Measurement</subfield>
  </datafield>
  <datafield tag="260" ind1=" " ind2=" ">
    <subfield code="c">2009</subfield>
    <subfield code="b">Tata McGraw Hill</subfield>
  </datafield>
  <datafield tag="300" ind1=" " ind2=" ">
    <subfield code="a">558</subfield>
  </datafield>
  <datafield tag="365" ind1=" " ind2=" ">
    <subfield code="c">Rs.</subfield>
    <subfield code="b">525.00</subfield>
  </datafield>
  <datafield tag="700" ind1=" " ind2=" ">
    <subfield code="a">Bewoor A.K. &amp; Kulkarni V.A.</subfield>
    <subfield code="9">195777</subfield>
  </datafield>
  <datafield tag="906" ind1=" " ind2=" ">
    <subfield code="d">O:0377515-Feb-2014B:368503-Feb-2014</subfield>
    <subfield code="c">MECH</subfield>
    <subfield code="b">120.75</subfield>
  </datafield>
  <datafield tag="999" ind1=" " ind2=" ">
    <subfield code="c">335471</subfield>
    <subfield code="d">335471</subfield>
  </datafield>
  <datafield tag="952" ind1=" " ind2=" ">
    <subfield code="0">0</subfield>
    <subfield code="1">0</subfield>
    <subfield code="4">0</subfield>
    <subfield code="7">0</subfield>
    <subfield code="a">CCEP</subfield>
    <subfield code="b">CCEP</subfield>
    <subfield code="d">2014-02-15</subfield>
    <subfield code="e">Om Book Stall</subfield>
    <subfield code="f">MECH</subfield>
    <subfield code="g">404.25</subfield>
    <subfield code="i">3685</subfield>
    <subfield code="l">21</subfield>
    <subfield code="o">620.0044</subfield>
    <subfield code="p">CCEP-BK-46678</subfield>
    <subfield code="r">2025-12-17 15:53:19</subfield>
    <subfield code="s">2025-11-15</subfield>
    <subfield code="t">120.75</subfield>
    <subfield code="v">525.00</subfield>
    <subfield code="w">2014-02-03</subfield>
    <subfield code="y">BK</subfield>
    <subfield code="z">046678</subfield>
  </datafield>
  <datafield tag="952" ind1=" " ind2=" ">
    <subfield code="0">0</subfield>
    <subfield code="1">0</subfield>
    <subfield code="2">ddc</subfield>
    <subfield code="4">0</subfield>
    <subfield code="7">0</subfield>
    <subfield code="a">CCEP</subfield>
    <subfield code="b">CCEP</subfield>
    <subfield code="d">2023-10-10</subfield>
    <subfield code="e">63</subfield>
    <subfield code="g">824.25</subfield>
    <subfield code="l">3</subfield>
    <subfield code="o">620.0044 BEW</subfield>
    <subfield code="p">CCEP-BK-65515</subfield>
    <subfield code="r">2025-12-15 13:17:38</subfield>
    <subfield code="s">2025-09-02</subfield>
    <subfield code="v">1099.00</subfield>
    <subfield code="w">2023-10-06</subfield>
    <subfield code="y">BK</subfield>
  </datafield>
</record>
